Петербургские видения (Запись № 10540941)

Подробности
000 -МАРКЕР
контрольное поле 02374ncm0a2200397 4500
001 - ИДЕНТИФИКАТОР ЗАПИСИ
контрольное поле RU\NLR\ONIZ\198255
005 - ИДЕНТИФИКАТОР ВЕРСИИ
контрольное поле 20250624194737.0
035 ## - ДРУГИЕ СИСТЕМНЫЕ НОМЕРА
Идентификатор записи (NLR Aleph) 010888875
071 20 - ИЗДАТЕЛЬСКИЙ НОМЕР
Номер, присвоенный агентством с 2277 к
100 ## - ДАННЫЕ ОБЩЕЙ ОБРАБОТКИ
Данные общей обработки 20140530d1997 |||y0rusy50 ca
101 0# - ЯЗЫК РЕСУРСА
Язык текста, звукозаписи и т.д. английский
-- русский
102 ## - СТРАНА ПУБЛИКАЦИИ ИЛИ ПРОИЗВОДСТВА
Страна публикации российская федерация
125 ## - ПОЛЕ КОДИРОВАННЫХ ДАННЫХ: ЗВУКОЗАПИСИ И НОТНЫЕ ИЗДАНИЯ
Форма изложения нотного текста ax
145 0# - ПОЛЕ КОДИРОВАННЫХ ДАННЫХ: СРЕДСТВО ИСПОЛНЕНИЯ МУЗЫКАЛЬНОГО ПРОИЗВЕДЕНИЯ (УСТАРЕВШЕЕ)
Тип средства исполнения b
200 1# - ЗАГЛАВИЕ И СВЕДЕНИЯ ОБ ОТВЕТСТВЕННОСТИ
Основное заглавие Петербургские видения
Общее обозначение материала Ноты
Сведения, относящиеся к заглавию [для симф. орк.]
Параллельное заглавие Petersburg's visions
Первые сведения об ответственности С. Слонимский
Язык параллельного заглавия английский
208 ## - ОБЛАСТЬ СПЕЦИФИЧЕСКИХ СВЕДЕНИЙ: НОТНЫЕ ИЗДАНИЯ
Форма изложения нотного текста Партитура
210 ## - ПУБЛИКАЦИЯ, РАСПРОСТРАНЕНИЕ И ДР.
Место издания, распространения и т.д. Санкт-Петербург
Имя издателя, распространителя и т. д. Композитор - Санкт-Петербург
Дата издания, распространения и т.д. 1997
215 ## - ФИЗИЧЕСКАЯ ХАРАКТЕРИСТИКА
Специфическое обозначение материала и объем 39 с.
Размеры 30 см
300 ## - ОБЩИЕ ПРИМЕЧАНИЯ
Текст примечания На тит. л.: Юрию Темирканову
313 ## - ПРИМЕЧАНИЯ, ОТНОСЯЩИЕСЯ К ТЕМАТИЧЕСКОМУ ДОСТУПУ
Текст примечания Систематизация документа проведена по изданию - Методика классифицирования музыкальных произведений (нотных изданий) по таблицам Библиотечно-библиографических классификаций : метод. рекомендации / Гос. б-ка СССР им. В.И. Ленина.- М., 1977. Индексу ББК методических рекомендаций присваивается код ББК для научных библиотек - LBC/SL
604 ## - ИМЯ И ЗАГЛАВИЕ КАК ПРЕДМЕТ
Связываемые данные 700#1$aДостоевский$gФедор Михайлович$bФ.М.$f1821-1881$3RU\NLR\AUTH\77838
-- 50010$aБелые ночи$xМузыкальные интерпретации$xНоты
Имя лица Достоевский, Федор Михайлович (1821-1881)
Заглавие Белые ночи
Тематический подзаголовок Ноты
Системный номер авторитетной/нормативной записи 110876
Идентификатор авторитетной/нормативной записи RU\NLR\AUTH\77838
686 ## - ИНДЕКСЫ ДРУГИХ КЛАССИФИКАЦИЙ
Индекс Щ951.11-059(2Р=Р)ПНн
Издание LBC/SL
Код системы
700 #1 - ИМЯ ЛИЦА - ПЕРВИЧНАЯ ОТВЕТСТВЕННОСТЬ
Код отношения Композитор
Графика поля Кириллица
Материалы, к которым относится поле rus
Начальный элемент ввода Слонимский
Часть имени, кроме начального элемента ввода С. М.
Даты 1932-2020
Расширение инициалов личного имени Сергей Михайлович
Системный номер авторитетной/нормативной записи 269629
Идентификатор авторитетной/нормативной записи RU\NLR\AUTH\770269685
702 #1 - ИМЯ ЛИЦА - ВТОРИЧНАЯ ОТВЕТСТВЕННОСТЬ
Системный номер авторитетной/нормативной записи z02790
Начальный элемент ввода Темирканов
Часть имени, кроме начального элемента ввода Ю. Х.
Даты 1938-
Расширение инициалов личного имени Юрий Хатуевич
Код отношения Объект посвящения
790 #1 - ИМЯ ЛИЦА - АЛЬТЕРНАТИВНАЯ ФОРМА
Системный номер авторитетной/нормативной записи z01700
Начальный элемент ввода Slonimskij
Часть имени, кроме начального элемента ввода S. M.
Даты 1932-
Расширение инициалов личного имени Sergej Mihajlovich
Код отношения Композитор
Графика поля Латинская
790 #1 - ИМЯ ЛИЦА - АЛЬТЕРНАТИВНАЯ ФОРМА
Системный номер авторитетной/нормативной записи z02702
Начальный элемент ввода Temirkanov
Часть имени, кроме начального элемента ввода Yu.
Даты 1938-
Расширение инициалов личного имени Yuri
Код отношения Объект посвящения
801 #0 - ИСТОЧНИК ЗАПИСИ
Страна российская федерация
Организация NLR
Дата составления 20140530
Правила каталогизации PSBO
801 #1 - ИСТОЧНИК ЗАПИСИ
Страна российская федерация
Организация NLR
Дата составления 20140530
Источник данных rusmarc
801 #2 - ИСТОЧНИК ЗАПИСИ
Страна российская федерация
Организация NLR
Дата составления 20171206
852 ## - МЕСТОНАХОЖДЕНИЕ И ШИФР ХРАНЕНИЯ
Идентификатор организации NLR
Наименование фонда или коллекции (Sub-Location Identifier) М
Шифр хранения (Call Number) К-3/26328
Страна
Номер экземпляра 1
852 ## - МЕСТОНАХОЖДЕНИЕ И ШИФР ХРАНЕНИЯ
Идентификатор организации NLR
Наименование фонда или коллекции (Sub-Location Identifier) М
Шифр хранения (Call Number) К-3/26328а
Страна
Номер экземпляра 2
942 ## - ДОПОЛНИТЕЛЬНЫЕ ЭЛЕМЕНТЫ ЗАПИСИ (АБИС)
Тип экземпляра АБИС Ноты
980 ## - КОЛЛЕКЦИЯ
Название коллекции Национальная библиография
980 ## - КОЛЛЕКЦИЯ
Название коллекции Отдел нот и звукозаписей
Экземпляры
Тип экземпляра Дата поступления Библиотека постоянного хранения Библиотека текущего хранения Место хранения Шифр хранения Статус не для выдачи
Ноты 30.05.2014 РНБ (Московский) РНБ (Московский) Фонд нот и звукозаписей К-3/26328 К-3/26328  
Ноты 30.05.2014 РНБ (Московский) РНБ (Московский) Фонд нот и звукозаписей К-3/26328а К-3/26328а